00679nam a2200193 i 450000100060000000300090000600500170001500700030003200800410003502000180007610000350009424500880012926000610021730000220027850000130030085200330031399900170034695201220036336615ES-MaACL20230906155414.0t|030218s1984 xxu ||||1| eng d a0-931477-54-91 aBrown, Michael Barratt.93201510aModels in political economy b: a guide to the arguments / cMichael Barratt Brown. aBoulder, Colorado : bLynne Rienner Publishers, c[1984] a281 p. ; c24 cm. aIndices. aES-MaACLjL-11599 bR.112911 c36615d36615 00104070aATENEOMbATENEOMcDEPO2d2008-01-17eSCl0oL-11599p1038483r2023-02-23 00:00:00w2023-02-23yMONOGRAFIA